| 000 | 00000nam##2200000za#4500 |
| 001 | 9.650760 |
| 003 | CaOODSP |
| 005 | 20220125145841 |
| 007 | ta |
| 008 | 150407|2007||||xxc||||| f|0| 0 eng|d |
| 020 | |a978-0-662-46115-9 |
| 040 | |aCaOODSP|beng |
| 043 | |an-cn--- |
| 086 | 1 |aD2-206/2-2007E |
| 110 | 1 |aCanada. |bDepartment of National Defence. |
| 245 | 14|aThe warrior's way : |ba treatise on military ethics / |cby Richard A. Gabriel. |
| 260 | |aKingston - Ontario : |bNational Defence |c2007. |
| 300 | |axi, 225p. : |bindex ; |c23 cm. |
| 500 | |aProduced for the Canadian Defence Academy Press by 17 Wing Winnipeg Publishing Office. |
| 504 | |aBibliography. |
| 520 | 3 |aAttempts to identify the precepts, values, and obligations that the soldier must understand and observe to be an ethical soldier and also to provide a clear philosophical and practical basis for these values and obligations to guide the soldier in making ethical decisions. |
| 563 | |aSoftcover |
| 590 | |a08-39|b2008-09-26 |
| 690 | 07|aEthics|2gcpds |
| 690 | 07|aMilitary law|2gcpds |
| 720 | 1 |aGabriel, Richard A. |
| 775 | 08|tÀ la manière des guerriers : |w(CaOODSP)9.684482 |
| 776 | 0#|tThe warrior's way : |w(CaOODSP)9.696012 |
| 986 | |aWPO30280 |